El informe breve de auditoría en un escenario globalizado de libe comercio (Registro nro. 16815)

Detalles MARC
000 -LEADER
fixed length control field 00401 a2200121 4500
001 - CONTROL NUMBER
control field ART_6808
005 - DATE AND TIME OF LATEST TRANSACTION
control field 20260410161719.0
008 - FIXED-LENGTH DATA ELEMENTS--GENERAL INFORMATION
fixed length control field 260409a
100 1# - MAIN ENTRY--PERSONAL NAME
Personal name Casal, Armando Miguel
245 10 - TITLE STATEMENT
Title El informe breve de auditoría en un escenario globalizado de libe comercio
700 1# - ADDED ENTRY--PERSONAL NAME
Personal name Wainstein, Mario
773 0# - HOST ITEM ENTRY
Title Contabilidad y auditoría
Related parts - Año 4, Nº 8 (dic. 1998)
Record control number REV1723

No hay ítems disponibles.